| 000 | 00730nam a2200217 a 4500 | ||
|---|---|---|---|
| 005 | 20210223130637.0 | ||
| 008 | 080925s1979 mx r 000 0 spa d | ||
| 035 | _aUPN01000160955 | ||
| 049 | _aUNE | ||
| 080 | _a396: 37.014.1 =20 EDU No.18. | ||
| 245 | 0 | 0 |
_aEducational opportunity for girls and women : _ba review of problemsand some suggestions for action. |
| 260 |
_aParís : _bUNESCO ; _aNew York : _bUNICEF ; _aRome : _bWFP, _c1979. |
||
| 300 | _a19 p. | ||
| 440 | 0 |
_aNotes, comments ... ; _v18 |
|
| 690 | _aEducación de la mujer - Educacion no formal | ||
| 690 | _aMujeres - Derecho a la educación | ||
| 690 | _aDerecho a la educación - Mujeres | ||
| 710 | 2 |
_aUNICEF _924085 |
|
| 710 | 2 | _aUNESCO | |
| 905 | _aUNESCO | ||
| 999 |
_c133068 _d133068 |
||